00375nam a2200121Ia 4500008004100000020001400041041000800055082002000063100002100083245008600104260004900190300001400239220530s9999 xx 000 0 und d a4421-1087 aeng a621.38:050bJHA aJha, Vijay Kumar aIndian Journal of Electronic Engineering ResearchbJanuary to December 2015- 2016 aNew DelhibGlobal Research Publicationc2015 a256P.bHB